Library of the University of Algiers 3
Ibrahim Sultan Cheibout
شعار جامعة الجزائر 3
مكتبة جامعة الجزائر 3
إبراهيم سلطان شيبوط

الودائع المصرفية النقدية وإستثمارها في الإسلام / (رقم التسجيلة. 45349)

تفاصيل مارك
000 -LEADER
fixed length control field 00977nam a2200241Ia 4500
003 - CONTROL NUMBER IDENTIFIER
control field Ost
005 - DATE AND TIME OF LATEST TRANSACTION
control field 20260507075638.0
008 - FIXED-LENGTH DATA ELEMENTS--GENERAL INFORMATION
fixed length control field 260507s9999||||xx |||||||||||||| ||und||
040 ## - CATALOGING SOURCE
Transcribing agency fsecg
041 ## - LANGUAGE CODE
Language code of text/sound track or separate title ara
082 ## - DEWEY DECIMAL CLASSIFICATION NUMBER
Classification number 330.121
100 ## - MAIN ENTRY--PERSONAL NAME
Personal name عبدالله الأمين، حسن
Relator term مؤلف
245 #0 - TITLE STATEMENT
Title الودائع المصرفية النقدية وإستثمارها في الإسلام /
Statement of responsibility, etc. حسن عبدالله الأمين
260 ## - PUBLICATION, DISTRIBUTION, ETC.
Place of publication, distribution, etc. جدة:
Name of publisher, distributor, etc. دار الشروق,
Date of publication, distribution, etc. 1983
300 ## - PHYSICAL DESCRIPTION
Extent 327 صفحة؛
Dimensions 24 سم
520 ## - SUMMARY, ETC.
Summary, etc. الوديعة في الشريعة الإسلامية وموقف القانون الوضعي منها والودائع المصرفية على ضوء القواعد وأحكام الشريعة منها الإستثمار في الودائع المصرفية
653 ## - INDEX TERM--UNCONTROLLED
Uncontrolled term الاستثمار
653 ## - INDEX TERM--UNCONTROLLED
Uncontrolled term الاسلام
653 ## - INDEX TERM--UNCONTROLLED
Uncontrolled term البنوك
653 ## - INDEX TERM--UNCONTROLLED
Uncontrolled term المصارف
653 ## - INDEX TERM--UNCONTROLLED
Uncontrolled term الوادئع
942 ## - ADDED ENTRY ELEMENTS (KOHA)
Koha item type كتب
المقتنيات
Withdrawn status Lost status Source of classification or shelving scheme Damaged status Not for loan Home library Current library Date acquired Serial enumeration / chronology Inventory number Total checkouts Full call number Barcode Date last seen Price effective from Koha item type
    Dewey Decimal Classification   NOT LOAN / إعارة داخلية مكتبة كلية العلوم الإقتصادية والعلوم التجارية وعلوم التسيير مكتبة كلية العلوم الإقتصادية والعلوم التجارية وعلوم التسيير 07/05/2026 الطابق الأرضي 822/1   أ/822ن1 822/1 07/05/2026 07/05/2026 كتب

موارد الويب المفتوحة


© University of Algiers 3 All Rights Reserved
|
Implemented by LECHELAH Riad